| 000 | 01447nam a2200301 a 4500 | ||
|---|---|---|---|
| 001 | 1422 | ||
| 003 | BR-CuiBMT | ||
| 005 | 20231207233558.0 | ||
| 008 | 231127s2015 ceba 000 0 por d | ||
| 020 | _a9788575296981 (v. 1) | ||
| 020 | _a9788575296998 (v. 2) | ||
| 020 | _a9788575297001 (v. 3) | ||
| 040 |
_aBR-CuiBMT _cBR-CuiBMT |
||
| 080 |
_a336.14 _x(813.1) _22007 |
||
| 090 |
_a336.14(813.1) _bC764 |
||
| 245 | 1 | 0 |
_aControle cidadão / _cDaniela Nogueira (org.). |
| 260 |
_aFortaleza : _bTribunal de Contas do Estado do Ceará, _c2015. |
||
| 300 |
_a3 v. : _bil. ; _c23 cm + _e1 CD-ROM |
||
| 500 | _aPublicação relacionada ao Curso Controle Cidadão realizado em parceria com Fundação Demócrito Rocha, Universidade Aberta do Nordeste e Tribunal de Contas do Estado do Ceará. | ||
| 504 | _aInclui bibliografia. | ||
| 504 | _aObra composta por 3 folhetos (46 p. cada um) encadernados. Reunidos foram considerados como uma monografia. | ||
| 504 | _aColaboraram com esta obra os seguintes autores: Luiz Henrique Lima, Rafael Barreto Souza, Benedito Teixeira, José Matias-Pereira, Bruno Konder Comparato, Natalia Martinuzzi Castilho, Gustavo Feitosa, Cesar Wagner Marques Barreto, Ubiratan Aguiar, Daniela Nogueira. | ||
| 610 | 1 | 4 |
_aCeará. _bTribunal de Contas |
| 650 |
_aAdministração pública _xControle _zCeará |
||
| 650 |
_aOrçamento público _xControle _zCeará |
||
| 700 | 1 |
_aNogueira, Daniela _4org. |
|
| 942 |
_2udc _cLV |
||
| 999 |
_c1422 _d1422 |
||